| 000 | 00804nam a2200337Ia 4500 | ||
|---|---|---|---|
| 001 | 1996 | ||
| 008 | 191123s9999 xx 000 0 und d | ||
| 041 | _aeng | ||
| 044 | _axxk | ||
| 100 | _aHillier, J., | ||
| 245 | 0 |
_aJapanese masters of the colour print : _ba great Heritage of oriental art. |
|
| 250 | _a2a. ed. | ||
| 260 |
_aLondon : _bPhaidon, _c1954. |
||
| 300 | _a137 p. | ||
| 650 | _aARTE JAPONES | ||
| 650 | _aARTE ORIENTAL | ||
| 650 | _aHIROSHIGE, ANDO, | ||
| 650 | _aHOKUSAI, KATSUSHIKA | ||
| 650 | _aJAPON | ||
| 650 | _aSIGLO XIX | ||
| 650 | _aSIGLO XVII | ||
| 650 | _aSIGLO XVIII | ||
| 902 | _aM | ||
| 903 | _am | ||
| 904 | _am | ||
| 907 | _aImpreso | ||
| 911 | _a93 láminas color y b/n; 31 cm. | ||
| 912 | _a1954 | ||
| 942 | _cLIBRO | ||
| 999 |
_c1694 _d1694 |
||